Manažérstvo rizík v organizácii kamiónovej prepravy

Všeobecné zásady, princípy a ciele manažérstva rizík. Riziká v kamiónovej preprave. Integrovaný register rizík v oblasti kamiónovej prepravy.

Salvato in:
Dettagli Bibliografici
Autore principale: Majerník, Milan, 1952-
Altri autori: Sančiová, Gabriela, 1991-, Daneshjo, Naqibullah, 1964-
Natura: Capitolo di libro
Lingua:slovacco
Soggetti:
Tags: Aggiungi Tag
Nessun Tag, puoi essere il primo ad aggiungerne!!

MARC

LEADER 00000naa a2200000 4500
001 0231343
005 20240502073803.1
041 0 |a slo 
044 |a SK 
245 1 0 |a Manažérstvo rizík v organizácii kamiónovej prepravy  |c Milan Majerník, Gabriela Sančiová, Naqibullah Daneshjo 
520 |a Všeobecné zásady, princípy a ciele manažérstva rizík. Riziká v kamiónovej preprave. Integrovaný register rizík v oblasti kamiónovej prepravy. 
610 2 0 |a preprava 
610 2 0 |a doprava cestná nákladná 
610 2 0 |a riadenie rizík 
610 2 0 |a bezpečnosť dopravy 
610 2 0 |a bezpečnosť práce 
100 1 |a Majerník, Milan, 1952- 
700 1 |a Sančiová, Gabriela, 1991- 
700 1 |a Daneshjo, Naqibullah, 1964-